000 00648nam a2200289Ia 4500
005 20260324150127.0
008 008 260324s9999 xx 000 0 eng d
020 _a9780203199435
037 _aEBOOK
040 _aCRL
040 _beng
040 _cCRL
041 _2eng
041 _aeng
084 _qCRL
100 _aMark Storey
_91225347
245 0 _aJohn Clare
245 4 _bThe Critical Heritage
260 _bTaylor and Francis
260 _c1973
365 _a
365 _b480
856 _uhttp://www.taylorfrancis.com/books/9780203199435
942 _cEBOOK
999 _c1834280
_d1834280